000 00640nam a2200217 u 4500
005 20210223132425.0
008 140821s2006 es r 000 0 spa d
020 _a843422819X
035 _aUPN01000199021
049 _aI
050 4 _aG175
_bG3.2 2006
100 1 _aGassós, Dolors
_936115
245 1 0 _aAtlas básico de exploraciones y descubrimientos /
_cDolors Gassós.
250 _a2a ed.
260 _aBarcelona, Esp. :
_bParramón,
_c2006.
300 _a96 p. :
_bil. col.
650 4 _aEXPLORADORES -
_vLITERATURA INFANTIL
_911226
650 4 _aDESCUBRIMIENTOS GEOGRAFICOS
_98255
905 _aInfantil
999 _c171122
_d171122